Statistics for Country Names Created by Only 4 Letters

Click here to take the quiz!

General Stats

  • This quiz has been taken 49,830 times
  • The average score is 17 of 24

Answer Stats

Letters Country % Correct
A B C UCuba
91%
E P R UPeru
85%
K O S VKosovo
84%
A C D HChad
83%
A J N PJapan
79%
A Q R TQatar
78%
A L O SLaos
75%
A I Q RIraq
73%
A C D NCanada
73%
B E I NBenin
73%
A I L MMali
72%
A I N RIran
72%
A M N PPanama
72%
A H I THaiti
70%
A G H NGhana
70%
A D I NIndia
69%
E M N YYemen
69%
A L M TMalta
69%
A M O SSamoa
69%
A M N OOman
68%
C E G RGreece
62%
A L P UPalau
61%
A N R UNauru
55%
C M O RMorocco
53%

Score Distribution

Percentile by Number Answered

Percent of People with Each Score

Your Score History

You have not taken this quiz